[Event "Dortmund1"]
[Site "Dortmund"]
[Date "2006.10.05"]
[Round "1.1"]
[White "Tautz, Eugen"]
[Black "Rzoczek, Christoph"]
[Result "0-1"]
[WhiteElo "1518"]
[BlackElo "1553"]
[PlyCount "98"]
[EventDate "2006.10.15"]
[EventType "swiss"]
[EventRounds "9"]
[EventCountry "GER"]
[SourceTitle "EXT 2007"]
[Source "ChessBase"]
[SourceDate "2006.11.23"]
[SourceVersion "1"]
[SourceVersionDate "2006.11.23"]
[SourceQuality "1"]

1. c4 Nf6 2. d4 c6 3. Nc3 d5 4. cxd5 Nxd5 5. e4 Nxc3 6. bxc3 e5 7. Nf3 Bg4 8. Be2 Bxf3 9. Bxf3 exd4 10. cxd4 Bb4+ 11. Bd2 Qxd4 12. Bxb4 Qxb4+ 13. Kf1 0-0 14. g3 Na6 15. Kg2 Rad8 16. Qc1 Rd2 17. Qe1 Rfd8 18. Rb1 Qe7 19. a3 Nc5 20. Qe3 f5 21. Rhc1 fxe4 22. Bg4 Nd3 23. Qxd2 Rf8 24. Rf1 c5 25. Qa2+ Kh8 26. Qe6 Qg5 27. Qxe4 Nf4+ 28. gxf4 Qxg4+ 29. Kh1 Qh4 30. Rxb7 Qh5 31. Qe5 Qf3+ 32. Kg1 Qxb7 33. f3 c4 34. Qd6 Qb6+ 35. Qxb6 axb6 36. Kg2 Rxf4 37. Rb1 Rf6 38. Rc1 Rc6 39. a4 Kg8 40. Rc3 Kf7 41. Kg3 Kf6 42. Kf4 h5 43. h4 Rc5 44. Ke4 g5 45. hxg5+ Kxg5 46. f4+ Kg4 47. f5 Rxf5 48. Kd4 h4 49. Kxc4 Rc5+ 0-1

[Event "Dortmund op"]
[Site "Dortmund"]
[Date "2006.03.20"]
[Round "7.17"]
[White "Hardt, Helmut"]
[Black "Rzoczek, Christoph"]
[Result "0-1"]
[WhiteElo "1861"]
[BlackElo "1577"]
[PlyCount "128"]
[EventDate "2006.03.06"]
[EventType "swiss"]
[EventRounds "9"]
[EventCountry "GER"]
[SourceTitle "CBM 111 Extra"]
[Source "ChessBase"]
[SourceDate "2006.05.09"]
[SourceVersion "1"]
[SourceVersionDate "2006.05.09"]
[SourceQuality "1"]

1. e4 d5 2. exd5 Qxd5 3. Nc3 Qa5 4. d4 c6 5. Bc4 Nf6 6. Nge2 g6 7. 0-0 Bg7 8. Ng3 0-0 9. Re1 Qc7 10. Qe2 e6 11. Bg5 Nbd7 12. Qd2 Nb6 13. Bb3 a6 14. Nce4 Nbd7 15. c4 b6 16. d5 Nxe4 17. Nxe4 c5 18. Bf4 e5 19. Bh6 f6 20. Ba4 Rf7 21. Bxg7 Kxg7 22. h4 Nf8 23. Rad1 Bd7 24. Bc2 Rd8 25. Re3 Bf5 26. h5 Bxe4 27. Bxe4 Qd6 28. hxg6 Nxg6 29. Rh3 Kf8 30. Qh6+ Ke7 31. Bf5 Nf4 32. Rh4 Ne2+ 33. Kh1 Nd4 34. Bxh7 Rh8 35. Qg6 f5 36. Qg5+ Qf6 37. d6+ Kxd6 38. Qxf6+ Rxf6 39. Rh3 Rf7 40. Bxf5 Rxh3+ 41. Bxh3 Rxf2 42. Rb1 b5 43. Kg1 Rc2 44. cxb5 axb5 45. Bg4 e4 46. Bd1 Rd2 47. a4 bxa4 48. Bxa4 e3 49. Kf1 Rf2+ 50. Kg1 Ne2+ 51. Kh2 Rf4 52. g3 Rxa4 53. Re1 Nd4 54. Rxe3 Ra2 55. g4 Rxb2+ 56. Kg3 Rb3 57. Kf4 Rxe3 58. Kxe3 Ne6 59. Ke4 Ke7 60. Ke5 Kf7 61. Kf5 Kg7 62. g5 Nc7 63. g6 Nb5 64. Ke5 c4 0-1

[Event "Dortmund FSV op"]
[Site "Dortmund"]
[Date "2006.02.23"]
[Round "5"]
[White "Rzoczek, Christoph"]
[Black "Kuckelke, Juergen"]
[Result "1-0"]
[WhiteElo "1589"]
[BlackElo "1310"]
[PlyCount "31"]
[EventDate "2006.01.19"]
[EventType "swiss"]
[EventRounds "9"]
[EventCountry "GER"]
[SourceTitle "EXT 2007"]
[Source "ChessBase"]
[SourceDate "2006.11.23"]
[SourceVersion "1"]
[SourceVersionDate "2006.11.23"]
[SourceQuality "1"]

1. e4 e5 2. Nf3 Nc6 3. d4 exd4 4. Nxd4 Bc5 5. Be3 Nxd4 6. Bxd4 Bxd4 7. Qxd4 f6 8. Bc4 Qe7 9. 0-0 d6 10. Nc3 Qe5 11. Qxe5+ fxe5 12. Nd5 Kd7 13. f4 Ne7 14. Nxe7 Kxe7 15. fxe5 dxe5 16. Rf7+ 1-0

[Event "Dortmund FSV op"]
[Site "Dortmund"]
[Date "2006.01.26"]
[Round "2"]
[White "Grube, Joerg"]
[Black "Rzoczek, Christoph"]
[Result "1-0"]
[WhiteElo "1775"]
[BlackElo "1589"]
[PlyCount "65"]
[EventDate "2006.01.19"]
[EventType "swiss"]
[EventRounds "9"]
[EventCountry "GER"]
[SourceTitle "EXT 2007"]
[Source "ChessBase"]
[SourceDate "2006.11.23"]
[SourceVersion "1"]
[SourceVersionDate "2006.11.23"]
[SourceQuality "1"]

1. e4 e5 2. Nf3 Nc6 3. d4 exd4 4. Nxd4 d6 5. Nc3 Nf6 6. Bc4 Ne5 7. Bb3 c6 8. 0-0 Be7 9. h3 0-0 10. Nde2 h6 11. f4 Ned7 12. Qd4 d5 13. Qd1 dxe4 14. Be3 Bc5 15. Nd4 Nb6 16. Qd2 Bf5 17. Qf2 Bxd4 18. Bxd4 Qe7 19. Bc5 e3 20. Bxe3 Rfe8 21. Bc5 Qc7 22. Rae1 Nbd7 23. Bd4 a6 24. g4 Bg6 25. Rxe8+ Rxe8 26. g5 Ne4 27. Nxe4 Rxe4 28. gxh6 gxh6 29. Qg2 Nf8 30. f5 Rxd4 31. fxg6 Nxg6 32. Qxg6+ Kf8 33. Rxf7+ 1-0

[Event "Dortmund ABC Serie A-24"]
[Site "Dortmund"]
[Date "2005.11.16"]
[Round "7"]
[White "Rzoczek, Christoph"]
[Black "Nettbohl, Werner"]
[Result "1/2-1/2"]
[WhiteElo "1589"]
[BlackElo "1638"]
[PlyCount "74"]
[EventDate "2005.10.14"]
[EventType "tourn"]
[EventRounds "11"]
[EventCountry "GER"]
[SourceTitle "EXT 2007"]
[Source "ChessBase"]
[SourceDate "2006.11.23"]
[SourceVersion "1"]
[SourceVersionDate "2006.11.23"]
[SourceQuality "1"]

1. d4 d5 2. Nf3 Nf6 3. c4 e6 4. Bg5 Nbd7 5. e3 Be7 6. Bd3 0-0 7. Nbd2 h6 8. Bh4 c5 9. 0-0 cxd4 10. Nxd4 Nc5 11. Bc2 dxc4 12. Nxc4 Nfe4 13. Bxe7 Qxe7 14. Qe1 Nd6 15. Nxd6 Qxd6 16. Rd1 Qe7 17. b4 Nd7 18. Qc3 Nb6 19. Qd3 g6 20. Qe4 Qf6 21. Qf3 Qxf3 22. Nxf3 Bd7 23. Ne5 Bb5 24. Bd3 Bxd3 25. Rxd3 Nd5 26. a3 Kg7 27. e4 Nf6 28. f3 Rac8 29. Rfd1 Rc7 30. g4 g5 31. Kf2 Rfc8 32. Ke3 Rc2 33. R1d2 Rxd2 34. Rxd2 Rc3+ 35. Rd3 Rc2 36. Rd2 Rc3+ 37. Rd3 Rc2 1/2-1/2

[Event "Dortmund ABC Serie A-24"]
[Site "Dortmund"]
[Date "2005.10.28"]
[Round "4"]
[White "Duschek, Guenter"]
[Black "Rzoczek, Christoph"]
[Result "1-0"]
[WhiteElo "1632"]
[BlackElo "1589"]
[PlyCount "77"]
[EventDate "2005.10.14"]
[EventType "tourn"]
[EventRounds "11"]
[EventCountry "GER"]
[SourceTitle "EXT 2007"]
[Source "ChessBase"]
[SourceDate "2006.11.23"]
[SourceVersion "1"]
[SourceVersionDate "2006.11.23"]
[SourceQuality "1"]

1. d4 Nf6 2. Bf4 c6 3. Nf3 d5 4. e3 Bg4 5. Nbd2 e6 6. c3 Bd6 7. Bg3 Qc7 8. Qb3 Bxg3 9. hxg3 Nbd7 10. Bd3 h6 11. e4 Bxf3 12. gxf3 0-0-0 13. e5 Ng8 14. c4 f6 15. f4 fxe5 16. fxe5 Qb6 17. c5 Qxb3 18. axb3 a6 19. f4 Ne7 20. Ke2 Kc7 21. Nf3 g6 22. Rh2 Nf5 23. Bxf5 gxf5 24. Rah1 b6 25. cxb6+ Kxb6 26. Rxh6 Rxh6 27. Rxh6 Re8 28. Ng5 Nf8 29. Rh8 c5 30. Nh7 cxd4 31. Rxf8 Re7 32. Ng5 Rc7 33. Kd2 d3 34. Kxd3 Rc1 35. Nxe6 Rd1+ 36. Kc2 Rg1 37. Rg8 Rg2+ 38. Kc3 Rg1 39. Nd4 1-0

[Event "Dortmund ABC Serie B-23"]
[Site "Dortmund"]
[Date "2005.05.28"]
[Round "9"]
[White "Nettbohl, Werner"]
[Black "Rzoczek, Christoph"]
[Result "1-0"]
[WhiteElo "1617"]
[BlackElo "1528"]
[PlyCount "88"]
[EventDate "2005.04.15"]
[EventType "tourn"]
[EventRounds "11"]
[EventCountry "GER"]
[SourceTitle "EXT 2007"]
[Source "ChessBase"]
[SourceDate "2006.11.23"]
[SourceVersion "1"]
[SourceVersionDate "2006.11.23"]
[SourceQuality "1"]

1. e4 e5 2. Nf3 d6 3. Bc4 Nc6 4. a3 Nf6 5. d3 Be7 6. h3 0-0 7. 0-0 Bd7 8. Nc3 h6 9. Be3 Qc8 10. Nh2 Be6 11. Nd5 Qd7 12. f4 Bxd5 13. Bxd5 Nxd5 14. exd5 Nd4 15. fxe5 dxe5 16. Ng4 Qd6 17. c3 f5 18. Nxh6+ gxh6 19. cxd4 f4 20. Qg4+ Kh7 21. dxe5 Qxe5 22. Bxf4 Qd4+ 23. Kh1 Qxd5 24. Rae1 Rf7 25. Bxc7 Rxf1+ 26. Rxf1 Rg8 27. Qe4+ Qxe4 28. dxe4 Kg6 29. Rf3 Rc8 30. Be5 Rc4 31. Re3 Bc5 32. Re2 Rc1+ 33. Kh2 h5 34. Kg3 Rf1 35. Bc7 Rf7 36. Be5 Re7 37. Bf4 Rf7 38. h4 Rd7 39. e5 Rd3+ 40. Kh2 Kf5 41. g3 Be7 42. Kh3 Rd1 43. e6 Bc5 44. Re5+ Kg6 1-0

[Event "Dortmund ABC Serie B-23"]
[Site "Dortmund"]
[Date "2005.04.29"]
[Round "4"]
[White "Rzoczek, Christoph"]
[Black "Raszelenberg, Patrick"]
[Result "1-0"]
[WhiteElo "1528"]
[BlackElo "1547"]
[PlyCount "129"]
[EventDate "2005.04.15"]
[EventType "tourn"]
[EventRounds "11"]
[EventCountry "GER"]
[SourceTitle "EXT 2007"]
[Source "ChessBase"]
[SourceDate "2006.11.23"]
[SourceVersion "1"]
[SourceVersionDate "2006.11.23"]
[SourceQuality "1"]

1. d4 Nf6 2. Nf3 d6 3. e3 g6 4. h3 Bg7 5. Bd3 0-0 6. 0-0 Nc6 7. c3 e5 8. Qc2 Qe8 9. Nbd2 Kh8 10. Re1 Nd7 11. d5 Ne7 12. e4 Nc5 13. Bf1 f5 14. b4 Nd7 15. Ng5 Nf6 16. a4 f4 17. c4 Neg8 18. b5 b6 19. Nb3 h6 20. Nf3 Nd7 21. Ra3 Ngf6 22. Bd2 Nc5 23. Nxc5 bxc5 24. Ba5 Qe7 25. Bd2 g5 26. Nh2 Bd7 27. f3 Be8 28. Rb1 h5 29. Rbb3 Bg6 30. Bd3 Qd7 31. Be1 Bh6 32. Qe2 Qh7 33. Bb1 g4 34. hxg4 hxg4 35. fxg4 Kg8 36. Rh3 Nxe4 37. Bxe4 Bxe4 38. g5 Bf5 39. Rxh6 Qg7 40. Qh5 e4 41. Bc3 e3 42. Bxg7 Kxg7 43. g6 Rh8 44. Rxh8 Rxh8 45. Qxf5 Rf8 46. Qxf8+ Kxf8 47. Nf3 Kg7 48. a5 Kxg6 49. b6 cxb6 50. axb6 axb6 51. Ra6 Kf5 52. Rxb6 e2 53. Rxd6 Kg4 54. Kf2 e1Q+ 55. Nxe1 f3 56. Re6 fxg2 57. Nxg2 Kf5 58. Re1 Kf6 59. d6 Kf7 60. d7 Kg7 61. d8Q Kg6 62. Qf8 Kg5 63. Re3 Kg4 64. Rg3+ Kh5 65. Qh8# 1-0

[Event "Dortmund ABC Serie B-23"]
[Site "Dortmund"]
[Date "2005.04.15"]
[Round "1"]
[White "Rzoczek, Christoph"]
[Black "Sonntag, Joachim"]
[Result "1-0"]
[WhiteElo "1528"]
[BlackElo "1768"]
[PlyCount "47"]
[EventDate "2005.04.15"]
[EventType "tourn"]
[EventRounds "11"]
[EventCountry "GER"]
[SourceTitle "EXT 2007"]
[Source "ChessBase"]
[SourceDate "2006.11.23"]
[SourceVersion "1"]
[SourceVersionDate "2006.11.23"]
[SourceQuality "1"]

1. d4 d5 2. Nf3 Nf6 3. e3 e6 4. Nbd2 c5 5. c3 Bd6 6. Rb1 0-0 7. Bd3 b6 8. e4 dxe4 9. Nxe4 Nd5 10. Nxd6 Qxd6 11. dxc5 Qxc5 12. Ng5 f5 13. 0-0 Nc6 14. Re1 Qe7 15. Bc4 Nc7 16. b4 Kh8 17. Qf3 Bb7 18. Qh3 h6 19. Nxe6 Rf6 20. Bg5 Nxe6 21. Bxf6 Qxf6 22. Rxe6 Qf8 23. Rbe1 Rd8 24. Qh5 1-0

[Event "Dortmund-ch"]
[Site "Dortmund"]
[Date "2005.02.28"]
[Round "1"]
[White "Rzoczek, Christoph"]
[Black "Gorval, Eugen"]
[Result "0-1"]
[WhiteElo "1607"]
[BlackElo "2121"]
[PlyCount "42"]
[EventDate "2005.02.28"]
[EventType "swiss"]
[EventRounds "9"]
[EventCountry "GER"]
[SourceTitle "CBM 105 Extra"]
[Source "ChessBase"]
[SourceDate "2005.05.01"]
[SourceVersion "1"]
[SourceVersionDate "2005.05.01"]
[SourceQuality "1"]

1. d4 Nf6 2. Nf3 g6 3. Nbd2 Bg7 4. e4 d6 5. Be2 Nc6 6. 0-0 0-0 7. c3 e5 8. d5 Ne7 9. Qc2 Nh5 10. Nc4 f5 11. Ng5 Nf6 12. Ne6 Bxe6 13. dxe6 Nxe4 14. Na5 c6 15. Nb3 Qc8 16. f3 Nf6 17. f4 Qxe6 18. Bc4 Qxc4 19. fxe5 dxe5 20. Na5 Qc5+ 21. Kh1 Qxa5 0-1

[Event "Dortmund ABC Serie B-22"]
[Site "Dortmund"]
[Date "2004.11.12"]
[Round "8"]
[White "Wiemann, Peter"]
[Black "Rzoczek, Christoph"]
[Result "1/2-1/2"]
[WhiteElo "1555"]
[BlackElo "1660"]
[PlyCount "116"]
[EventDate "2004.10.07"]
[EventType "tourn"]
[EventRounds "13"]
[EventCountry "GER"]
[SourceTitle "EXT 2006"]
[Source "ChessBase"]
[SourceDate "2005.11.24"]
[SourceVersion "1"]
[SourceVersionDate "2005.11.24"]
[SourceQuality "1"]

1. f4 Nc6 2. g3 e5 3. d3 Bc5 4. Nf3 d6 5. Nc3 Nf6 6. Na4 exf4 7. Nxc5 dxc5 8. Bxf4 0-0 9. Bg2 Re8 10. 0-0 Nd4 11. e3 Ne6 12. Qd2 c6 13. Be5 Ng4 14. Bc3 Nc7 15. e4 Nb5 16. Ng5 f6 17. Nf3 Nd4 18. Bxd4 cxd4 19. Qb4 Ne3 20. Rf2 a5 21. Qxd4 Qxd4 22. Nxd4 Rb8 23. Bf3 Ng4 24. Re1 Nxf2 25. Kxf2 Bd7 26. a4 b5 27. axb5 cxb5 28. Nb3 a4 29. Nc5 Bc6 30. Na6 Rb6 31. Nb4 Bb7 32. Bg4 Re5 33. Ke3 g6 34. Rf1 f5 35. Kd4 Re7 36. exf5 h5 37. f6 Rf7 38. Kc5 Rbxf6 39. Rxf6 Rxf6 40. Bd7 Rf2 41. h3 Rf3 42. d4 Rxg3 43. d5 a3 44. bxa3 Rxa3 45. Kxb5 Kf7 46. c4 Ke7 47. Be6 Rb3 48. Kc5 Kd8 49. Nc6+ Bxc6 50. Kxc6 Ra3 51. c5 g5 52. Kd6 Ra7 53. c6 Rg7 54. Ke5 g4 55. hxg4 hxg4 56. d6 g3 57. Bh3 g2 58. c7+ Rxc7 1/2-1/2

[Event "Dortmund ABC Serie B-22"]
[Site "Dortmund"]
[Date "2004.10.13"]
[Round "2"]
[White "Rzoczek, Christoph"]
[Black "Wetterling, Detlev"]
[Result "0-1"]
[WhiteElo "1660"]
[BlackElo "1671"]
[PlyCount "69"]
[EventDate "2004.10.07"]
[EventType "tourn"]
[EventRounds "13"]
[EventCountry "GER"]
[SourceTitle "EXT 2006"]
[Source "ChessBase"]
[SourceDate "2005.11.24"]
[SourceVersion "1"]
[SourceVersionDate "2005.11.24"]
[SourceQuality "1"]

1. d4 Nc6 2. d5 Ne5 3. e4 d6 4. Nf3 Bg4 5. Be2 Bxf3 6. Bxf3 g6 7. Nc3 Bg7 8. Rb1 Qd7 9. 0-0 f5 10. Bf4 Nh6 11. h3 0-0 12. Be2 fxe4 13. Bxe5 Bxe5 14. Nxe4 Qf5 15. Ng3 Qg5 16. Qd3 Rf7 17. c3 a6 18. Rbd1 Raf8 19. Nh1 Qh4 20. Qc4 Qxc4 21. Bxc4 Nf5 22. Be2 h5 23. Rd3 h4 24. Bg4 Ng7 25. f3 Rf4 26. Nf2 Nf5 27. Re1 c5 28. Re4 b5 29. Rxf4 Bxf4 30. Ne4 c4 31. Rd1 Kg7 32. a4 Ne3 33. Ra1 Nxd5 34. axb5 axb5 35. Ra7 0-1

[Event "Dortmund ABC Serie B-22"]
[Site "Dortmund"]
[Date "2004.10.08"]
[Round "1"]
[White "Krueger, Georg"]
[Black "Rzoczek, Christoph"]
[Result "1-0"]
[WhiteElo "1718"]
[BlackElo "1660"]
[PlyCount "97"]
[EventDate "2004.10.07"]
[EventType "tourn"]
[EventRounds "13"]
[EventCountry "GER"]
[SourceTitle "EXT 2006"]
[Source "ChessBase"]
[SourceDate "2005.11.24"]
[SourceVersion "1"]
[SourceVersionDate "2005.11.24"]
[SourceQuality "1"]

1. d4 Nf6 2. Nf3 d5 3. c4 Bf5 4. Nc3 e6 5. Qb3 b6 6. Bg5 Be7 7. Bxf6 Bxf6 8. cxd5 exd5 9. Qxd5 Qxd5 10. Nxd5 Bd8 11. Rc1 c6 12. Nb4 Be4 13. e3 0-0 14. Be2 a5 15. Nd3 Nd7 16. 0-0 Rb8 17. Nde5 Nxe5 18. Nxe5 Rc8 19. f3 Bd5 20. a3 Bg5 21. Kf2 f6 22. Nd7 Rfe8 23. Rc3 b5 24. e4 b4 25. Rc5 Be6 26. Nb6 Rb8 27. Rxc6 bxa3 28. bxa3 Ba2 29. Bc4+ Bxc4 30. Nxc4 Rbc8 31. Nxa5 Bd2 32. Rxc8 Rxc8 33. Nb3 Bf4 34. Nc5 Rb8 35. Re1 Bxh2 36. Re2 Rb1 37. Ke3 Bg1+ 38. Kd3 Rd1+ 39. Rd2 Rxd2+ 40. Kxd2 Bxd4 41. Nb3 Ba7 42. Kd3 Kf7 43. Kc4 h5 44. Kd5 g5 45. Nd4 Bb6 46. a4 Ke7 47. a5 Bc7 48. a6 Bb6 49. a7 1-0

[Event "Dortmund ABC Serie B-21"]
[Site "Dortmund"]
[Date "2004.06.02"]
[Round "9"]
[White "Rzoczek, Christoph"]
[Black "Flierdl, Lothar"]
[Result "1/2-1/2"]
[WhiteElo "1723"]
[BlackElo "1636"]
[PlyCount "181"]
[EventDate "2004.04.??"]
[EventType "tourn"]
[EventRounds "12"]
[EventCountry "GER"]
[SourceTitle "EXT 2006"]
[Source "ChessBase"]
[SourceDate "2005.11.24"]
[SourceVersion "1"]
[SourceVersionDate "2005.11.24"]
[SourceQuality "1"]

1. c4 c5 2. Nf3 b6 3. g3 Bb7 4. Bg2 Nf6 5. 0-0 g6 6. Nc3 Bg7 7. Rb1 Na6 8. a3 0-0 9. d3 e6 10. Bf4 d5 11. Qc1 Nc7 12. Bh6 Nfe8 13. Bxg7 Nxg7 14. Qh6 Nf5 15. Qh3 Qf6 16. e4 Nd4 17. Nxd4 cxd4 18. Ne2 dxe4 19. Bxe4 Bxe4 20. dxe4 Qf3 21. Nxd4 Qxe4 22. Rbd1 Rad8 23. Rfe1 Qb7 24. Qg4 Rd6 25. Nc2 Rfd8 26. Rxd6 Rxd6 27. Ne3 Qc6 28. h4 h5 29. Qf4 Qd7 30. g4 Rd4 31. Qg3 hxg4 32. Nxg4 Ne8 33. h5 Qd6 34. Ne5 Kg7 35. h6+ Kh7 36. Qg5 Qf8 37. Re3 Nd6 38. Nd7 Rd1+ 39. Kg2 Qa8+ 40. Rf3 Rg1+ 41. Kxg1 Qxf3 42. Nf6+ Kh8 43. Qe5 Qf5 44. Qd4 Qc5 45. Qh4 Qxc4 46. Ng4 Ne8 47. Qg3 Qc1+ 48. Kh2 Qg5 49. f4 Qh5+ 50. Kg2 Kh7 51. Ne5 Qe2+ 52. Kh3 Nd6 53. b4 Nf5 54. Qf3 Qxf3+ 55. Nxf3 Kxh6 56. Ne5 Nd6 57. a4 Kg7 58. b5 Kf6 59. Kg4 Nc8 60. Nc6 Kg7 61. Nd8 Kf8 62. Kg5 Kg7 63. Kg4 f6 64. Nxe6+ Kf7 65. Nd8+ Ke7 66. Nc6+ Kd6 67. f5 g5 68. Kf3 a6 69. Ke4 axb5 70. axb5 Kc5 71. Nd4 Ne7 72. Ne6+ Kxb5 73. Nxg5 Nxf5 74. Nh7 Ng3+ 75. Kf3 Nh5 76. Kg4 Kc4 77. Kxh5 b5 78. Nxf6 b4 79. Ne4 Kd4 80. Nd2 Kd3 81. Nb3 Kc3 82. Na5 Kb2 83. Kg4 Ka3 84. Kf3 Ka4 85. Nc4 b3 86. Nb2+ Kb4 87. Ke3 Kc3 88. Na4+ Kb4 89. Nb2 Kc3 90. Na4+ Kc2 91. Kd4 1/2-1/2

[Event "Dortmund ABC Serie B-21"]
[Site "Dortmund"]
[Date "2004.05.28"]
[Round "8"]
[White "Raszelenberg, Patrick"]
[Black "Rzoczek, Christoph"]
[Result "0-1"]
[WhiteElo "1768"]
[BlackElo "1723"]
[PlyCount "112"]
[EventDate "2004.04.??"]
[EventType "tourn"]
[EventRounds "12"]
[EventCountry "GER"]
[SourceTitle "EXT 2006"]
[Source "ChessBase"]
[SourceDate "2005.11.24"]
[SourceVersion "1"]
[SourceVersionDate "2005.11.24"]
[SourceQuality "1"]

1. e4 e5 2. Nf3 d6 3. h3 Nf6 4. d4 Nc6 5. Bg5 Be7 6. d5 Nb8 7. Nbd2 Nbd7 8. c4 Nc5 9. Qc2 a5 10. Be2 Nh5 11. Bxe7 Qxe7 12. g3 0-0 13. Nh4 Nf4 14. Nf5 Bxf5 15. gxf4 Bd7 16. f5 Qh4 17. Bg4 b5 18. Nf3 Qh6 19. Nd2 Qf4 20. 0-0-0 a4 21. Kb1 b4 22. Rdg1 b3 23. Qc3 Nxe4 24. Nxe4 Qxe4+ 25. Ka1 Bxf5 26. a3 Bxg4 27. hxg4 g5 28. Rh5 f6 29. Qh3 Rf7 30. Rh1 Re8 31. f3 Qd3 32. Rh6 Ree7 33. Qh5 Rf8 34. Qh3 Rg7 35. Qh2 Rff7 36. Qf2 Qxc4 37. Rd1 Qc5 38. Qe2 Rg6 39. Rhh1 f5 40. gxf5 Rxf5 41. Qa6 Rf8 42. Qxa4 Qe3 43. Qd7 Rg7 44. Qe6+ Kh8 45. Rdf1 Qf4 46. Qh3 Qf7 47. Rd1 Qxf3 48. Qh2 g4 49. Qd2 g3 50. Qa5 g2 51. Rhg1 h5 52. Qd2 Rf4 53. Qa5 Qxd1+ 54. Rxd1 Rf1 55. Qd2 Rxd1+ 56. Qxd1 g1Q 0-1

[Event "Dortmund ABC Serie B-21"]
[Site "Dortmund"]
[Date "2004.04.28"]
[Round "2"]
[White "Iwannek, Ralf"]
[Black "Rzoczek, Christoph"]
[Result "1/2-1/2"]
[WhiteElo "1771"]
[BlackElo "1723"]
[PlyCount "126"]
[EventDate "2004.04.??"]
[EventType "tourn"]
[EventRounds "12"]
[EventCountry "GER"]
[SourceTitle "EXT 2006"]
[Source "ChessBase"]
[SourceDate "2005.11.24"]
[SourceVersion "1"]
[SourceVersionDate "2005.11.24"]
[SourceQuality "1"]

1. e4 Nc6 2. Nf3 e5 3. d4 exd4 4. Nxd4 Nxd4 5. Qxd4 Qf6 6. Qxf6 Nxf6 7. Bd3 Bc5 8. h3 b6 9. Bf4 d6 10. Bb5+ Bd7 11. Bxd7+ Kxd7 12. f3 Rae8 13. Nd2 Nh5 14. Bh2 f5 15. g4 fxg4 16. hxg4 Nf6 17. 0-0-0 Be3 18. Rhe1 Bg5 19. Kb1 b5 20. Nb3 h5 21. gxh5 Rxh5 22. Rg1 Bh6 23. Rg2 Kc8 24. a3 Rh3 25. Nd4 a6 26. Rf1 Rh8 27. Nf5 Kb7 28. e5 dxe5 29. Bxe5 Nd7 30. Bxg7 Bxg7 31. Rxg7 Ne5 32. Rg3 Rxg3 33. Nxg3 Rh3 34. f4 Nc4 35. Rg1 Nd2+ 36. Kc1 Nf3 37. Rg2 Rh4 38. f5 Rg4 39. f6 Ng5 40. b3 Kc8 41. Kb2 c5 42. Rg1 b4 43. axb4 cxb4 44. Ne2 Rxg1 45. Nxg1 Kd7 46. Ne2 Ke6 47. Nf4+ Kd7 48. Nd3 a5 49. Ne5+ Ke6 50. Nc6 Ne4 51. f7 Kxf7 52. Nxa5 Nc3 53. Nc6 Nd5 54. Nxb4 Nxb4 55. Kc3 Nc6 56. Kc4 Ke7 57. Kc5 Kd7 58. b4 Kc7 59. b5 Na5 60. c4 Nb7+ 61. Kd5 Kb6 62. Kd4 Na5 63. Kd5 Nb3 1/2-1/2

[Event "Dortmund-ch"]
[Site "Dortmund"]
[Date "2004.03.08"]
[Round "4"]
[White "Rzoczek, Christoph"]
[Black "Woestmann, Ulrich"]
[Result "0-1"]
[WhiteElo "1771"]
[BlackElo "1972"]
[PlyCount "68"]
[EventDate "2004.03.01"]
[EventType "swiss"]
[EventRounds "9"]
[EventCountry "GER"]
[SourceTitle "EXT 2006"]
[Source "ChessBase"]
[SourceDate "2005.11.24"]
[SourceVersion "1"]
[SourceVersionDate "2005.11.24"]
[SourceQuality "1"]

1. c4 Nf6 2. Nf3 g6 3. g3 d5 4. Bg2 Bg7 5. d3 0-0 6. cxd5 Nxd5 7. 0-0 Nc6 8. Nbd2 Nb6 9. Rb1 e5 10. b3 a5 11. Bb2 Be6 12. Nc4 Nxc4 13. bxc4 Rb8 14. Qd2 h6 15. Bc3 Qd7 16. Rb5 b6 17. Rfb1 f6 18. Nh4 Kh7 19. Be4 f5 20. Bxc6 Qxc6 21. Bxe5 Rbe8 22. Bxg7 Kxg7 23. Nf3 Bc8 24. Ne5 Qe6 25. f4 Kh7 26. Re1 Bb7 27. e4 fxe4 28. dxe4 Rd8 29. Qe3 Qh3 30. c5 Rf6 31. cxb6 Rfd6 32. bxc7 Rd2 33. Re2 Rd1+ 34. Re1 R8d2 0-1